000 00476nam a22001817a 4500
005 20131011161335.0
010 _aENG-108117
020 _c160.00
035 _aEN-91650
037 _bDBAD/PUB
082 _aS
100 _aKrishnamoorthy,S.
245 0 0 _aSilappadikaram /
_cby S. Krishnamoorthy
260 _aChennai
_bIndian Universities Press
_c2011
270 _a421, Anna Salai, Teynampet
_bChennai
_e600018
300 _a176p.
_c22cm(pbk)
942 _2ddc
_cEN
_mKRI
_hS
999 _c77879
_d77879